000 00310nam a22001217a 4500
008 170216b xxu||||| |||| 00| 0 eng d
050 _aJA1.P63(1996 Vol.44)
245 _aPolitical Studies. /
260 _aOxford:
_bBlackwell,
_c1996.
300 _a1047p.:
_c24cm.
700 _aMicheal Moran.
942 _2lcc
_cBK
999 _c6284
_d13784